Statistiques concernant Les morts dans Harry Potter

Cliquez ici pour prendre le quiz!

Statistiques générales

  • Ce quiz a été pris 356 fois
    (227 depuis la dernière actualisation)
  • Le résultat moyen est 61 sur 80

Statistiques - réponses

QuestionTuileSelect% Correct
Lesquels on été tué de la main de vous-savez-qui? (4)Bellatrix LestrangeNon
99%
Lesquels on été tué de la main de vous-savez-qui? (4)DobbyNon
99%
Lesquels on été tué de la main de vous-savez-qui? (4)Dolores OmbrageNon
99%
Lesquels on été tué de la main de vous-savez-qui? (4)Percy WeasleyNon
99%
Lesquels on été tué de la main de vous-savez-qui? (4)Lily PotterOui
98%
Lesquels on été tué de la main de vous-savez-qui? (4)Sirius BlackNon
96%
Lesquels on été tué de la main de vous-savez-qui? (4)Fred WeasleyNon
95%
Lesquels on été tué de la main de vous-savez-qui? (4)James PotterOui
95%
Lesquels sont morts pars Bellatrix Lestrange? (3)Bellatrix LestrangeNon
92%
Lesquels sont morts pars Bellatrix Lestrange? (3)James PotterNon
92%
Lesquels sont morts pars Bellatrix Lestrange? (3)Lily PotterNon
92%
Lesquels on été tué de la main de vous-savez-qui? (4)Nymphadora TonksNon
92%
Lesquels sont morts pars Bellatrix Lestrange? (3)Cornelius FudgeNon
91%
Lesquels sont morts pars Bellatrix Lestrange? (3)Dolores OmbrageNon
91%
Lesquels sont morts pars Bellatrix Lestrange? (3)Lord VoldemortNon
91%
Lesquels sont morts pars Bellatrix Lestrange? (3)Percy WeasleyNon
91%
Lesquels sont morts pars Bellatrix Lestrange? (3)Peter PettigrowNon
91%
Lesquels on été tué de la main de vous-savez-qui? (4)Remus LupinNon
91%
Lesquels sont morts pars Bellatrix Lestrange? (3)Severus RogueNon
91%
Lesquels sont réellement morts (5)Luna LovegoodNon
90%
Lesquels sont réellement morts (5)Cho ChangNon
89%
Lesquels on été tué de la main de vous-savez-qui? (4)Cornelius FudgeNon
89%
Lesquels sont réellement morts (5)Olympe MaximeNon
89%
Lesquels sont morts pars Bellatrix Lestrange? (3)TraversNon
89%
Lesquels sont réellement morts (5)Albus DumbledoreOui
88%
Lesquels sont réellement morts (5)Blaise ZabiniNon
88%
Lesquels sont réellement morts (5)Dean ThomasNon
88%
Lesquels sont morts pars Bellatrix Lestrange? (3)HedwigeNon
88%
Lesquels sont morts pars Bellatrix Lestrange? (3)Sirius BlackOui
88%
Lesquels sont réellement morts (5)Harry Potter IINon
87%
Lesquels sont réellement morts (5)Percy WeasleyNon
87%
Lesquels on été tué de la main de vous-savez-qui? (4)TraversNon
87%
Quels acteurs sont morts? (6)Clemance Poesy (Fleur Delacour)Non
86%
Quels acteurs sont morts? (6)Rupert Grint (Ron Weasley)Non
86%
Lesquels sont morts en présence d'Harry Potter? (7)Charity BurbageNon
85%
Lesquels sont réellement morts (5)Dolores OmbrageNon
85%
Lesquels sont réellement morts (5)Fred WeasleyOui
85%
Quels acteurs sont morts? (6)Gary Oldman (Sirius Black)Non
84%
Quels acteurs sont morts? (6)Nathalia Tena (Nymphadora Tonks)Non
84%
Lesquels sont morts en présence d'Harry Potter? (7)Cedric DiggoryOui
83%
Lesquels sont morts en présence d'Harry Potter? (7)Broderick MorozNon
82%
Quels acteurs sont morts? (6)Emma Thompson (Sybille Trelawney)Non
82%
Lesquels sont morts en présence d'Harry Potter? (7)Yardley PlattNon
82%
Lesquels sont morts en présence d'Harry Potter? (7)Colin CriveyNon
81%
Lesquels sont morts en présence d'Harry Potter? (7)Lord VoldemortOui
81%
Lesquels sont morts pars Bellatrix Lestrange? (3)Remus LupinNon
81%
Lesquels sont morts en présence d'Harry Potter? (7)Evan RosierNon
80%
Lesquels sont morts pars Bellatrix Lestrange? (3)DobbyOui
79%
Lesquels sont morts en présence d'Harry Potter? (7)Remus LupinNon
79%
Lesquels sont morts en présence d'Harry Potter? (7)Severus RogueOui
79%
Lesquels sont morts pars Bellatrix Lestrange? (3)Fred WeasleyNon
78%
Quels acteurs sont morts? (6)Alan Rickman (Severus Rogue)Oui
77%
Lesquels sont morts en présence d'Harry Potter? (7)Nymphadora TonksNon
77%
Lesquels on été tué de la main de vous-savez-qui? (4)HedwigeNon
75%
Quels acteurs sont morts? (6)Maggie Smith (Minerva Mcgonagall)Non
75%
Quels acteurs sont morts? (6)Timothy Spall (Peter Pettigrew)Non
75%
Quels acteurs sont morts? (6)Lee Ingleby (Stan Rocade)Non
74%
Quels acteurs sont morts? (6)Richard Harris (Albus Dumbledore)Oui
74%
Lesquels sont morts en présence d'Harry Potter? (7)Bartemius Croupton Sr.Non
70%
Quels acteurs sont morts? (6)Peter Mullen (Corban Yaxley)Non
70%
Lesquels sont réellement morts (5)TraversNon
69%
Quels acteurs sont morts? (6)Warwick Davis (Filius Flitwick/Gripsec)Non
67%
Lesquels sont réellement morts (5)Cornelius FudgeNon
64%
Lesquels sont morts en présence d'Harry Potter? (7)Alastor MaugreyNon
63%
Lesquels sont réellement morts (5)Gregory GoyleNon
62%
Quels acteurs sont morts? (6)John Hurt (Garrick Ollivander)Oui
55%
Lesquels sont morts pars Bellatrix Lestrange? (3)Nymphadora TonksOui
54%
Lesquels on été tué de la main de vous-savez-qui? (4)Severus RogueNon
54%
Lesquels sont réellement morts (5)Igor KarkaroffOui
49%
Lesquels sont morts en présence d'Harry Potter? (7)NaginiOui
46%
Lesquels sont morts en présence d'Harry Potter? (7)Peter PettigrowOui
46%
Lesquels sont réellement morts (5)Vincent CrabbeOui
44%
Quels acteurs sont morts? (6)Roger Lloyer Pack (Bartemius Croupton Sr)Oui
43%
Lesquels sont morts en présence d'Harry Potter? (7)Vincent CrabbeOui
40%
Lesquels sont réellement morts (5)Ted TonksOui
38%
Quels acteurs sont morts? (6)Robert Hardy (Cornelius Fudge)Oui
32%
Lesquels sont morts en présence d'Harry Potter? (7)Fred WeasleyOui
28%
Lesquels on été tué de la main de vous-savez-qui? (4)Peter PettigrowOui
28%
Quels acteurs sont morts? (6)David Legeno (Fenrir Greyback)Oui
27%
Lesquels on été tué de la main de vous-savez-qui? (4)Lord VoldemortOui
18%

Distribution des résultats

Percentile par nombre de réponses

% des personnes avec chaque résultat

Votre développement - résultats

Vous n’avez pas pris ce quiz depuis la dernière actualisation